00540nam a2200169Ia 4500100003300000650001300033942000700046366000700053654002200060245005800082260002800140082001500168300000800183546001200191999001700203952015000220 aRiggs/Roger/ Taivalsaari /A  aWireless cBK f20 awireless devices  aProgramming wireless devices with the Java 2 Platform bPearson Educationc2003 a5.133bRIG a434 aENGLISH c26042d26042 001040708CRCaCRCEbCRCEd2023-03-17eMilan Book Supplierg280.00i2055 dt 15/01/2010l0o5.133 RIGp20362r2023-03-17v350.00w0000-00-00yBK